00309 2200145 4500001002100000005001700021020001800038035001900056082000800075100001700083245001300100250000600113500002300119990002100142INLIS00000000001811120170609095420.0 a979-780-088-1 0010-06170015160 aFik0 aNinit yunita00achocoluv a1 avi, 194 hlm; 19 cm a3830/b/kpad/2011